Normal view
MARC view
- Usman Umer, Wasim Ahmad, Muhammad Hamid
Entry Personal Name
001 - CONTROL NUMBER
- control field: 92629
003 - CONTROL NUMBER IDENTIFIER
- control field: NUST
005 - DATE AND TIME OF LATEST TRANSACTION
- control field: 20220704123452.0
008 - FIXED-LENGTH DATA ELEMENTS
- fixed length control field: 220704|| aca||aabn | a|a d
040 ## - CATALOGING SOURCE
- Original cataloging agency: NUST
- Transcribing agency: NUST
100 ## - HEADING--PERSONAL NAME
- Personal name: Usman Umer, Wasim Ahmad, Muhammad Hamid
670 ## - SOURCE DATA FOUND
- Source citation: Work cat.: (NUST)12976: Usman Umer 92628, Next generation resource tracking using RFID Technology, 2012
